000 00319nam a2200133Ia 4500
005 20251222140041.0
008 251222s1900||||xx |||||||||||||| ||spa||
020 _a8431302402
082 _a189.4/G23
100 _aGarcía López, Jesús
245 0 _aEstudios de Metafísica Tomista
264 _bEUNSA
942 _cLIB
999 _c3293
_d3293